| 000 | 00645nam a22001937a 4500 | ||
|---|---|---|---|
| 008 | 260603b |||||||| |||| 00| 0 eng d | ||
| 020 | _a9781760632816 | ||
| 050 |
_aRA971 _b.D89 2019 |
||
| 100 | _aDwyer Judith | ||
| 245 |
_aProject management in health and community services : _bGetting good ideas to work / _cJudith Dwyer |
||
| 250 | _a3rd ed. | ||
| 260 |
_aAustralia : _bAllen &Unwin , _c2019. |
||
| 300 |
_axx,244p. : _bill. ; _c22cm. |
||
| 504 | _aIncludes bibliographical references and index | ||
| 650 | _aProject management | ||
| 700 | _aLiang Zhanming | ||
| 700 | _aThiessen Valerie | ||
| 942 |
_2lcc _cBOOKS _hRA971 _n.D89 2019 |
||
| 999 |
_c32478 _d32478 |
||